Movies Quiz

Random Movies or James Bond Quiz

Bond Film by Vehicle Quiz Stats

 Plays Quiz not verified by Sporcle

Score 0/15 Timer 05:00
0 Plays Today
% Correct
Casino Royale
91.2%
Die Another Day
80.4%
Goldfinger
79.8%
GoldenEye
76.4%
The World is Not Enough
70.9%
Dr. No
67%
Tomorrow Never Dies
66%
You Only Live Twice
63.1%
% Correct
The Spy Who Loved Me
63.1%
Octopussy
60.3%
Man with the Golden Gun
57.6%
Moonraker
54.4%
Diamonds are Forever
53.8%
The Living Daylights
51.9%
For Your Eyes Only
42.4%

You're not logged in!

Compare scores with friends on all Sporcle quizzes.
OR
Log In

Show Comments

Extras

Top Quizzes Today


Score Distribution

Your Account Isn't Verified!

In order to create a playlist on Sporcle, you need to verify the email address you used during registration. Go to your Sporcle Settings to finish the process.

Report this User

Report this user for behavior that violates our Community Guidelines.

Details: